The American class structure in an age of growing inequality (Registro nro. 242497)

Detalles MARC
000 -ENCABEZADO
Número de control [NR] 01030cam a2200265Mu 4500
005 - FECHA Y HORA DE LA ÚLTIMA TRANSACCIÓN
control field 20140903175111.0
008 - DE LONGITUD FIJA DE DATOS DE ELEMENTOS - INFORMACIÓN GENERAL
Elementos de longitud fija [NR] 140530s2011 xxuad fr 001 0 eng d
020 ## - NUMERO INTERNACIONAL NORMALIZADO PARA LIBROS [R]
Número Internacional Normalizado del libro [NR] 141297965X
020 ## - NUMERO INTERNACIONAL NORMALIZADO PARA LIBROS [R]
Número Internacional Normalizado del libro [NR] 9781412979658
040 ## - FUENTE DE CATALOGACION [NR]
Agencia de catalogación original [NR] CO-BoUCM
Idioma de catalogación [NR] spa
Quien Cataloga Jose A. Gerena
Quien Clasifica Jose A. Gerena
041 0# - CODIGO DE IDIOMA [R]
Código de idioma para texto/pista de sonido o título separado [R] Inglés
100 1# - ASIENTO PRINCIPAL--NOMBRE PERSONAL [NR]
Nombre personal [NR] Gilbert, Dennis
ID Autoridad 62027
245 14 - MENCION DE TITULO [NR]
Título [NR] The American class structure in an age of growing inequality
Mención de responsabilidad, etc. [NR] Dennis Gilbert
250 ## - MENCION DE EDICION [NR]
Mención de edición [NR] 8th ed
260 ## - PUBLICACION, DISTRIBUCION, ETC. (PIE DE IMPRENTA) [R]
Lugar de publicación, distribución, etc. [R] Thousand Oaks (California, Estados Unidos)
Nombre del editor, distribuidor, etc. [R] Pine Forge press
-- Sage
Fecha de publicación, distribución, etc. [R] 2011
300 ## - DESCRIPCION FISICA [R]
Extensión [R] xii, 297 páginas
Otros detalles físicos [NR] ilustraciones, cuadros, gráficas
504 ## - NOTA DE BIBLIOGRAFIA, ETC. [R]
Nota de bibliografía, etc. [NR] Incluye referencias bibliográficas e índices y glosario
650 #7 - ASIENTO SECUNDARIO DE MATERIA - TERMINO TEMATICO [R]
Término temático o nombre geográfico como elemento de entrada [NR] Clases sociales
9 (RLIN) 11000
Subdivisión geográfica [R] Estados Unidos
650 #7 - ASIENTO SECUNDARIO DE MATERIA - TERMINO TEMATICO [R]
Término temático o nombre geográfico como elemento de entrada [NR] Desigualdad social
9 (RLIN) 13044
Subdivisión geográfica [R] Estados Unidos
650 #7 - ASIENTO SECUNDARIO DE MATERIA - TERMINO TEMATICO [R]
Término temático o nombre geográfico como elemento de entrada [NR] Pobreza
Subdivisión geográfica [R] Estados Unidos
9 (RLIN) 47554
651 #4 - ASIENTO SECUNDARIO DE MATERIA - NOMBRE GEOGRAFICO [R]
Nombre geográfico [NR] Estadod Unidos
Subdivisión general [R] Aspectos socioeconómicos
9 (RLIN) 62028
690 ## - ASUNTO AGREGADO LOCAL DE ENTRADA - TÉRMINO TEMÁTICO (OCLC, RLIN)
9 (RLIN) 42914
Acceso temático local Sociología
942 ## - ELEMENTOS DE ENTRADA AGREGADOS (KOHA)
Tema principal Sociología
Tipo de ítem principal el descrito en 300a Libro
Edición 8
Parte restante de la signatura top. G464a
Sistema de clasificación DEWEY
Clasificación 305.50973
Existencias
Total préstamos Signatura topográfica Código de barras Última vez visto Volúmen / Fascículo Ejemplar Costo de reposición Price effective from Tipo de ítem Perdido Sistema de clasificación Dañado No prestable Tipo de ítem específico Suprimido Ubicación habitual Ubicación actual Localización Fecha de creación Proveedor Forma de adquisición Costo
  305.50973 G464a 100142628 09/12/2025 8a.Ed. Ej.1 132500.00 22/05/2014 Libro   DEWEY     Libro   Claustro Claustro 2do piso 22/05/2014 15 Compra 132500.00